Riconosci il Pokémon - Quiz n°269 - Statistics

Statistiche generali
  • Questo quiz è stato fatto 1 volte
  • Il punteggio medio è 3 su 10
Statistiche sulle risposte
Indizio Risposta % Corretto
Tipo Buio / Volante
100%
Stadio evoluzione Forma Base
100%
Generazione Quinta
100%
Altezza 0,5 m
0%
Sesso 100% ♀
0%
Tasso di cattura 190 (35.2%)
0%
Peso 9,0 kg
0%
Tasso di allevamento Lento
0%
Abilità Pettinfuori; Copricapo; Sottilguscio
0%
Pokémon Vullaby
0%
Nessun quiz corrispondente trovato
Distribuzione punteggi
Percentuale di utenti per punteggio
Percentile per numero di risposta
I tuoi punteggi nel tempo
Non hai fatto questo quiz